000 00638nam a2200241 a 4500
001 nice12345678
003 IN_TiNIC
005 20260116013055.0
008 050524s1997 lona grp 000 0 eng
020 _a0415784
_c1155.32
082 0 0 _a323
_bBOY
100 _aBoyle, Kevin
245 _aFreedom of Religion and Belief; a World Report
260 _aLondon
_bRoutledge Chapman Hall
_c1997
300 _a475p
500 _aincludes index and biblioraphy
505 2 _aBibliography, Index
650 _aHuman Rights
650 _aFreedom of Religion-World Report
902 _bSRS
942 _cBK
999 _c9538
_d9538